000 00346nam a22001217a 4500
020 _a9781591398394
082 _222
_a658.4038
100 _aRoss, Jeanne W ...[et al.].
245 _aEnterprise architecture as strategy /
260 _aBoston,
_bHarvard Business School Press.
_cc2006.
300 _axviii, 234p. ;
_bill. ;
_c23 cm.
942 _2ddc
_cMAG
999 _c1430
_d1430